PARIKALPANA : KIITjournal of management Imagineering business , December-2023, issue. vol-19.2. UGC - CARE listed Peer reviewed journal (Record no. 8722)

MARC details
000 -LEADER
fixed length control field 00467nam a22001337a 4500
005 - DATE AND TIME OF LATEST TRANSACTION
control field 20241024150803.0
008 - FIXED-LENGTH DATA ELEMENTS--GENERAL INFORMATION
fixed length control field 241024b |||||||| |||| 00| 0 eng d
041 ## - LANGUAGE CODE
Language code of text/sound track or separate title eng
100 ## - MAIN ENTRY--AUTHOR NAME
Personal name SUBUDHI, DR.R.N.
245 ## - TITLE STATEMENT
Title PARIKALPANA : KIITjournal of management Imagineering business , December-2023, issue. vol-19.2. UGC - CARE listed Peer reviewed journal
260 ## - PUBLICATION, DISTRIBUTION, ETC. (IMPRINT)
Place of publication BHUBANESWAR
Name of publisher KALLINGA INSTITUTE OF INDUSTRIAL TECHNOLOGY
Year of publication 2023
300 ## - PHYSICAL DESCRIPTION
Number of Pages 358;P
942 ## - ADDED ENTRY ELEMENTS (KOHA)
Koha item type Journals/Serial
Holdings
Lost status Damaged status Collection code Home library Current library Shelving location Date acquired Source of acquisition Accession Number Koha item type
    MANAGEMENT JRU Library JRU Library NEWSPAPER SECTION 24/10/2024 DONATION 0049/D Books